Normal view
MARC view
- Water resources and water quality management
Entry Uniform Title
001 - CONTROL NUMBER
- control field: 5993
003 - CONTROL NUMBER IDENTIFIER
- control field: NUST
005 - DATE AND TIME OF LATEST TRANSACTION
- control field: 20171106111757.0
008 - FIXED-LENGTH DATA ELEMENTS
- fixed length control field: 171106|| aca||aabn | a|a d
040 ## - CATALOGING SOURCE
- Original cataloging agency: NUST
- Transcribing agency: NUST
130 ## - HEADING--UNIFORM TITLE
- Uniform title: Water resources and water quality management
670 ## - SOURCE DATA FOUND
- Source citation: Work cat.: (NUST)0: Waite, Thomas D. 5992, Principles of water quality /, 1984.
